00243nam a2200109Ia 4500008004100000100002300041245002000064250000800084260002400092300000900116650000800125191201s2010 xx 000 0 und d aLipschutz, Seymour 0aData structures aRep c2010bTMHaN. delhi aMISC aMCA